000
00286nam a22001337a 4500
020
_a
9788177588743
082
_a
620.3 RAO/ME
100
_a
Rao,Singiresu
245
_a
Mechanical vibrations
250
_a
4th ed
260
_a
New Delhi
_b
Pearson
_c
2011
300
_a
1108
942
_c
BK
999
_c
13825
_d
13825